000 00498nam a2200181 4500
001 145132
003 ES-MaACL
005 20240512063037.0
007 t|
008 070214s1976 sp r ||||1| spa d
100 0 _aSoto, Apuleyo,
_d1942-
_9107477
245 1 0 _aNoticias de un día /
_cApuleyo Soto Pajares.
250 _a2ª. ed.
260 _aMadrid :
_bJúcar,
_c1976.
300 _a62 p. :
_bil. ;
_c17 cm.
852 _aES-MaACL
_jA-6234
_bR.94674
999 _c145132
_d145132